Manual de Derecho Penal: parte especial

Saved in:
Bibliografiske detaljer
Hovedforfatter: Balmaceda Hoyos, Gustavo (Author)
Format: Bog
Sprog:spansk
Udgivet: Santiago Librotecnia 2014
Udgivelse:1a. ed
Fag:
Tags: Tilføj Tag
Ingen Tags, Vær først til at tagge denne postø!

MARC

LEADER 00000cam a2200000 a 4500
001 UCE2476
003 CL-VaPUC
008 140703e20140000cl |||||||||||||||||spa|d
020 |a 9789563271089 
082 0 4 |a 345.83  |b BAL  |2 21 
100 0 |a Balmaceda Hoyos, Gustavo  |e author  |9 254771 
245 1 0 |a Manual de Derecho Penal: parte especial 
250 |a 1a. ed 
300 |a 731 p 
942 |c BK 
945 |d 20140703 14:09:00  |a dcastane 
260 |a Santiago  |b Librotecnia  |c 2014 
650 7 |a DERECHO PENAL  |2 CL-VaPUC  |9 11 
650 7 |a DERECHO PENAL CHILENO  |2 CL-VaPUC  |9 574928 
583 |a last modification  |c 20140703 14:09:00  |k Rodrigo Vera 
999 |c 356074  |d 356072 
952 |0 0  |1 0  |3 erb  |4 0  |6 345_830000000000000_BAL_2014  |7 0  |8 A  |9 463151  |a BIBDER  |b BIBDER  |i 5088682  |l 10  |m 1  |o 345.83 BAL 2014  |p 5088682  |r 2024-05-06  |s 2024-05-06  |w 2019-11-23  |y BK  |z Catalogado en:20140703  |k DER